[Event "TUN-ch (Women)"]
[Site "Monastir"]
[Date "2024.03.28"]
[Round "5"]
[White "Mefteh, Meyssem"]
[Black "Ben Romdhane, Salma"]
[Result "1/2-1/2"]
[WhiteElo "1753"]
[BlackElo "1578"]
[PlyCount "120"]
[EventDate "2024.03.26"]
[EventType "swiss"]
[EventRounds "9"]
[EventCountry "TUN"]
[SourceTitle "CB14_2024"]
[SourceDate "2024.04.01"]
[SourceVersion "1"]
[SourceVersionDate "2024.04.01"]
[SourceQuality "1"]

1. d4 Nf6 2. c4 c6 3. Nf3 d5 4. Nc3 Bg4 5. Ne5 e6 6. Nxg4 Nxg4 7. Bf4 Nf6 8. e3 Bd6 9. Bg5 h6 10. Bh4 Nbd7 11. cxd5 exd5 12. Bd3 0-0 13. 0-0 Qc7 14. Bg3 Bxg3 15. hxg3 Rfe8 16. Qc2 Qd6 17. Rac1 h5 18. Be2 g6 19. Na4 Kg7 20. Nc5 Rab8 21. b4 Rh8 22. b5 h4 23. gxh4 Rxh4 24. f4 Nxc5 25. Qxc5 Qe6 26. Qa3 Ne4 27. Bf3 Nd2 28. Rf2 Nc4 29. Qc3 Rbh8 30. Re2 Rh1+ 31. Kf2 Rxc1 32. Qxc1 cxb5 33. Qb1 Nd6 34. Qb3 Ne4+ 35. Bxe4 Qxe4 36. Qxb5 b6 37. Qd7 a5 38. Qc7 Qe6 39. a4 Rc8 40. Qe5+ Qxe5 41. fxe5 Rc4 42. Rb2 Rxa4 43. Rxb6 Rb4 44. Rxb4 axb4 45. Ke2 g5 46. Kd3 g4 47. e4 dxe4+ 48. Kxe4 f5+ 49. exf6+ Kxf6 50. Kd3 Kf5 51. Kc4 Ke4 52. d5 b3 53. Kxb3 Kxd5 54. Kc2 Ke4 55. Kd2 Kf4 56. Ke2 Kg3 57. Kf1 Kh2 58. Kf2 Kh1 59. Kg3 Kg1 60. Kxg4 Kxg2 1/2-1/2

[Event "Olympiad Women-44"]
[Site "Chennai"]
[Date "2022.08.08"]
[Round "10.4"]
[White "Aponte, Samantha"]
[Black "Mefteh, Meyssem"]
[Result "0-1"]
[WhiteElo "1087"]
[BlackElo "1254"]
[PlyCount "94"]
[EventDate "2022.07.29"]
[EventType "team-swiss"]
[EventRounds "11"]
[EventCountry "IND"]
[SourceTitle "CBM 210"]
[Source "ChessBase"]
[SourceDate "2022.10.31"]
[SourceVersion "1"]
[SourceVersionDate "2022.10.31"]
[SourceQuality "1"]
[WhiteTeam "Aruba (W)"]
[BlackTeam "Tunisia (W)"]
[WhiteTeamCountry "ARN"]
[BlackTeamCountry "TUN"]

1. d4 Nf6 2. Bf4 d5 3. e3 e6 4. Nf3 c5 5. c3 Bd6 6. Bg3 Qc7 7. Nbd2 c4 8. Be2 Bxg3 9. hxg3 Nc6 10. b3 b5 11. Qc2 a6 12. e4 cxb3 13. axb3 Nb4 14. Qc1 dxe4 15. cxb4 Qxc1+ 16. Rxc1 exf3 17. Nxf3 Bb7 18. Rc7 Bd5 19. Rc3 0-0 20. 0-0 Ne4 21. Re3 Rfc8 22. Bd3 Nc3 23. Ra1 f6 24. Bc2 Rc6 25. Kf1 Rac8 26. Bd1 Nxd1 27. Rxd1 Rc3 28. Ra1 Rxe3 29. fxe3 Bxb3 30. Rxa6 Rc1+ 31. Ne1 Bc4+ 32. Kf2 Rb1 33. Ra8+ Kf7 34. Ra7+ Kg6 35. Re7 Rxb4 36. Rb7 Rb2+ 37. Kg1 Rb1 38. Kf2 b4 39. Rc7 Bd5 40. Nc2 b3 41. Na3 Rb2+ 42. Ke1 Ra2 43. Nc4 Bxc4 44. Rxc4 Ra1+ 45. Kd2 b2 46. Rb4 b1Q 47. Rxb1 Rxb1 0-1

[Event "Olympiad Women-44"]
[Site "Chennai"]
[Date "2022.08.05"]
[Round "7.4"]
[White "Mefteh, Meyssem"]
[Black "Silvera, Pilar"]
[Result "1/2-1/2"]
[WhiteElo "1254"]
[BlackElo "1436"]
[PlyCount "112"]
[EventDate "2022.07.29"]
[EventType "team-swiss"]
[EventRounds "11"]
[EventCountry "IND"]
[SourceTitle "CBM 210"]
[Source "ChessBase"]
[SourceDate "2022.10.31"]
[SourceVersion "1"]
[SourceVersionDate "2022.10.31"]
[SourceQuality "1"]
[WhiteTeam "Tunisia (W)"]
[BlackTeam "Uruguay (W)"]
[WhiteTeamCountry "TUN"]
[BlackTeamCountry "URU"]

1. e4 c5 2. Nf3 d6 3. d4 cxd4 4. Nxd4 Nf6 5. Nc3 g6 6. Be3 Bg7 7. f3 0-0 8. Qd2 Nc6 9. 0-0-0 d5 10. Qe1 e6 11. Qh4 Nxd4 12. Bxd4 dxe4 13. Be5 Bd7 14. Nxe4 Nd5 15. Ng5 h6 16. Bxg7 Kxg7 17. Qd4+ Qf6 18. Qxf6+ Nxf6 19. Ne4 Nxe4 20. Rxd7 Nc5 21. Rc7 Rac8 22. Rxc8 Rxc8 23. Be2 Rd8 24. Rd1 Rxd1+ 25. Kxd1 Kf6 26. Kd2 Ke5 27. g3 g5 28. Kc3 Kd5 29. b4 Nd7 30. Bc4+ Ke5 31. Kd3 Nb6 32. a3 Nd5 33. Bb3 f5 34. c4 Nf6 35. Ba2 h5 36. h3 h4 37. g4 fxg4 38. fxg4 Nxg4 39. Ke2 Nf6 40. Kf3 Kd4 41. c5 e5 42. Be6 e4+ 43. Ke2 Ne8 44. Bc8 b6 45. cxb6 axb6 46. a4 Nd6 47. Bd7 Kc4 48. a5 bxa5 49. bxa5 Kc5 50. Ke3 Nc4+ 51. Kxe4 Nxa5 52. Bg4 Nc6 53. Kf5 Nb4 54. Kxg5 Nd3 55. Kxh4 Nf2 56. Kg3 Nxh3 1/2-1/2

[Event "TUN-ch (Women)"]
[Site "Hammamet"]
[Date "2022.05.14"]
[Round "6"]
[White "Hwass, Zaineb"]
[Black "Mefteh, Meyssem"]
[Result "1-0"]
[WhiteElo "1366"]
[BlackElo "1208"]
[PlyCount "71"]
[EventDate "2022.05.07"]
[EventType "swiss"]
[EventRounds "7"]
[EventCountry "TUN"]
[SourceTitle "CBM 208 Extra"]
[Source "ChessBase"]
[SourceDate "2022.07.31"]
[SourceVersion "1"]
[SourceVersionDate "2022.07.31"]
[SourceQuality "1"]

1. d4 Nf6 2. c4 g6 3. Nc3 Bg7 4. e4 d6 5. Nf3 0-0 6. Be2 Nc6 7. 0-0 Nd7 8. Be3 e5 9. d5 Ne7 10. Qd2 f5 11. exf5 gxf5 12. Bh6 f4 13. Bxg7 Kxg7 14. Ne4 Ng6 15. Bd3 Nf6 16. Qc2 Nxe4 17. Bxe4 Rh8 18. c5 Rg8 19. cxd6 cxd6 20. Rac1 Kh8 21. Qc7 Qf6 22. h4 Rg7 23. Qc2 Nxh4 24. Nxh4 Qxh4 25. Qd3 Bh3 26. Rc3 Bd7 27. Rc7 Rag8 28. Rfc1 Qh6 29. Rxb7 Bf5 30. Rxg7 Rxg7 31. Qf3 Bg4 32. Qb3 f3 33. Rc3 fxg2 34. Bxg2 Bh3 35. Rg3 Qc1+ 36. Kh2 1-0

[Event "Arab-ch U14 Girls"]
[Site "Baghdad"]
[Date "2022.03.14"]
[Round "6"]
[White "Fawaz, Nadia"]
[Black "Mefteh, Meyssem"]
[Result "1-0"]
[WhiteElo "1172"]
[BlackElo "1234"]
[PlyCount "103"]
[EventDate "2022.03.10"]
[EventType "swiss"]
[EventRounds "9"]
[EventCountry "IRQ"]
[SourceTitle "EXT 2023"]
[Source "ChessBase"]
[SourceDate "2022.10.05"]
[SourceVersion "1"]
[SourceVersionDate "2022.10.05"]
[SourceQuality "1"]

1. d4 Nf6 2. c4 g6 3. Nf3 Bg7 4. Bf4 d6 5. e3 0-0 6. Be2 Nfd7 7. Nc3 e5 8. Bg3 Nc6 9. 0-0 h6 10. h3 Ne7 11. Bh4 g5 12. Bg3 f5 13. dxe5 dxe5 14. Qc2 Ng6 15. Rad1 c6 16. Rd6 Qe8 17. Rfd1 Nc5 18. b4 Ne4 19. Nxe4 fxe4 20. Nd2 Ne7 21. Nxe4 Bf5 22. R6d2 Bg6 23. Bd3 Rd8 24. Nc5 Bxd3 25. Rxd3 Rxd3 26. Qxd3 Nf5 27. e4 Nd4 28. Nb3 Ne6 29. Qe3 b6 30. c5 bxc5 31. Nxc5 Nc7 32. Nb7 Qb8 33. Qb3+ Kh8 34. Nd6 Na6 35. a3 Qc7 36. Nf5 Nb8 37. Qe6 Rf6 38. Qxe5 Qxe5 39. Bxe5 Rxf5 40. Bxg7+ Kxg7 41. exf5 Kf6 42. Rd8 Na6 43. g4 Nc7 44. Rd6+ Kg7 45. Rd7+ Kf6 46. Rxc7 a6 47. Rxc6+ Kf7 48. Rxh6 Kg7 49. Rxa6 Kf7 50. Rg6 Ke7 51. Rxg5 Ke8 52. Rg7 1-0

[Event "Arab-ch U14 Girls"]
[Site "Baghdad"]
[Date "2022.03.12"]
[Round "3"]
[White "Mefteh, Meyssem"]
[Black "Chihi, Ghada"]
[Result "0-1"]
[WhiteElo "1234"]
[BlackElo "1173"]
[PlyCount "50"]
[EventDate "2022.03.10"]
[EventType "swiss"]
[EventRounds "9"]
[EventCountry "IRQ"]
[SourceTitle "EXT 2023"]
[Source "ChessBase"]
[SourceDate "2022.10.05"]
[SourceVersion "1"]
[SourceVersionDate "2022.10.05"]
[SourceQuality "1"]

1. e4 e5 2. Nf3 Nc6 3. Bc4 Bc5 4. c3 Nf6 5. d4 exd4 6. e5 Qe7 7. 0-0 Ng8 8. cxd4 Bb6 9. a3 h6 10. Nc3 d6 11. Re1 dxe5 12. Nxe5 Nxe5 13. Rxe5 Be6 14. d5 0-0-0 15. Qe2 Bd4 16. Re4 Bxc3 17. bxc3 Nf6 18. Re3 Nxd5 19. Bxd5 Rxd5 20. Rb1 Rhd8 21. Bb2 Qd6 22. Qf3 Rd1+ 23. Re1 Rxe1+ 24. Rxe1 Qd2 25. Ba1 Qxe1# 0-1

[Event "Arab-ch U14 Girls"]
[Site "Baghdad"]
[Date "2022.03.11"]
[Round "2"]
[White "Roziya, Fakhraddin Awdl"]
[Black "Mefteh, Meyssem"]
[Result "0-1"]
[WhiteElo "1089"]
[BlackElo "1234"]
[PlyCount "192"]
[EventDate "2022.03.10"]
[EventType "swiss"]
[EventRounds "9"]
[EventCountry "IRQ"]
[SourceTitle "EXT 2023"]
[Source "ChessBase"]
[SourceDate "2022.10.05"]
[SourceVersion "1"]
[SourceVersionDate "2022.10.05"]
[SourceQuality "1"]

1. d4 Nf6 2. c4 g6 3. Nf3 Bg7 4. Bf4 0-0 5. e3 d6 6. Be2 Nfd7 7. Nc3 e5 8. Bg3 Nc6 9. d5 Ne7 10. e4 h6 11. 0-0 f5 12. exf5 gxf5 13. h3 Ng6 14. Bh2 Nf6 15. Nd2 Rf7 16. Bh5 Nxh5 17. Qxh5 Kh7 18. h4 Qxh4 19. Qxh4 Nxh4 20. Bg3 Bf6 21. Ne2 Rg7 22. f4 e4 23. Rab1 b6 24. b3 Bd7 25. Kh1 b5 26. a3 a6 27. Rg1 Rag8 28. Nf1 Ng6 29. Ne3 h5 30. Bf2 Ne7 31. g3 Rc8 32. Kg2 h4 33. Rh1 Kg8 34. Kf1 hxg3 35. Nxg3 Kf7 36. Ke2 Ng6 37. Nh5 Rh7 38. Nxf6 Rxh1 39. Rxh1 Nxf4+ 40. Kd2 Kxf6 41. Rh7 Be8 42. Bh4+ Kg6 43. Re7 bxc4 44. bxc4 Ba4 45. Bg3 Kg5 46. Rg7+ Ng6 47. Bh4+ Kxh4 48. Rxg6 Rf8 49. Ng2+ Kh3 50. Ke3 Be8 51. Rg7 Rf7 52. Nf4+ Kh4 53. Ng6+ Kh5 54. Nf4+ Kh6 55. Rg6+ Kh7 56. Rg5 Bd7 57. Rh5+ Kg8 58. Rh1 Rg7 59. Nh5 Rg6 60. Rb1 Rh6 61. Rb8+ Kf7 62. Nf4 Rh1 63. Rb7 Ra1 64. Rxc7 Rxa3+ 65. Ke2 Ra2+ 66. Ke3 Ra3+ 67. Ke2 Ke8 68. Ra7 Kd8 69. Ra8+ Ke7 70. Ra7 Ra4 71. Ng6+ Kd8 72. Nf8 Bc8 73. Ra8 Rxc4 74. Ne6+ Ke7 75. Ra7+ Kf6 76. Nf8 Ke5 77. Ng6+ Kxd5 78. Ne7+ Ke6 79. Nxc8 Rxc8 80. Rxa6 Ke5 81. Ra5+ Rc5 82. Ra3 Kd4 83. Kd2 e3+ 84. Ke2 Rc2+ 85. Ke1 f4 86. Ra4+ Rc4 87. Ra2 f3 88. Ra1 f2+ 89. Ke2 Rc2+ 90. Kf1 Ke4 91. Kg2 Kd3 92. Kf1 Kd2 93. Rb1 Rc1+ 94. Rxc1 Kxc1 95. Ke2 f1Q+ 96. Kxf1 Kd2 0-1

[Event "Sousse BICA U16 op 1st"]
[Site "Sousse"]
[Date "2021.12.22"]
[Round "9"]
[White "Mefteh, Meyssem"]
[Black "Hwass, Amina"]
[Result "1-0"]
[WhiteElo "1225"]
[BlackElo "1071"]
[PlyCount "69"]
[EventDate "2021.12.18"]
[EventType "swiss"]
[EventRounds "9"]
[EventCountry "TUN"]
[SourceTitle "CBM 205 Extra"]
[Source "ChessBase"]
[SourceDate "2022.01.31"]
[SourceVersion "1"]
[SourceVersionDate "2022.01.31"]
[SourceQuality "1"]

1. e4 e5 2. Nf3 Nc6 3. Bc4 Bc5 4. c3 Nf6 5. d4 exd4 6. cxd4 Bb4+ 7. Bd2 Nxe4 8. Bxb4 Nxb4 9. Bxf7+ Kxf7 10. Qb3+ d5 11. Qxb4 Re8 12. Ne5+ Kg8 13. 0-0 Qe7 14. Qb3 c6 15. Re1 Qf6 16. Rxe4 Kh8 17. Re1 Rb8 18. Nd2 Bf5 19. Qg3 Re7 20. Nf7+ Rxf7 21. Qxb8+ Rf8 22. Qxb7 a5 23. Qe7 Kg8 24. Qxf6 Rxf6 25. Re7 Re6 26. Rxe6 Bxe6 27. Nb3 a4 28. Nc5 Bf5 29. Nxa4 Kf7 30. Nc5 h5 31. a4 Ke7 32. a5 Bd7 33. Nxd7 Kxd7 34. a6 Kd6 35. a7 1-0

[Event "TUN-ch U14 Girls"]
[Site "Monastir"]
[Date "2021.03.17"]
[Round "6"]
[White "Ben Amor, Meriem"]
[Black "Mefteh, Meyssem"]
[Result "0-1"]
[WhiteElo "1239"]
[BlackElo "1188"]
[PlyCount "68"]
[EventDate "2021.03.15"]
[EventType "swiss"]
[EventRounds "9"]
[EventCountry "TUN"]
[SourceTitle "EXT 2022"]
[Source "ChessBase"]
[SourceDate "2021.10.06"]
[SourceVersion "1"]
[SourceVersionDate "2021.10.06"]
[SourceQuality "1"]

1. e4 c5 2. Nf3 g6 3. Bc4 Bg7 4. Nc3 d6 5. h3 Nf6 6. 0-0 0-0 7. d4 cxd4 8. Nxd4 Nxe4 9. Bxf7+ Rxf7 10. Nxe4 d5 11. Ng5 Rf6 12. Re1 Nc6 13. Nde6 Bxe6 14. Nxe6 Qb6 15. Be3 d4 16. Nxd4 Rd6 17. Nb3 Rxd1 18. Bxb6 Rxe1+ 19. Rxe1 axb6 20. c3 Rxa2 21. Rb1 Ra8 22. Re1 Re8 23. Nd2 e5 24. f4 Kf7 25. Nc4 Ke6 26. Nxb6 Kf5 27. g3 e4 28. Nc4 Bf8 29. Ne3+ Ke6 30. Ng4 Kd6 31. Nf6 Re7 32. Rxe4 Rxe4 33. Nxe4+ Kd5 34. Nf6+ Ke6 0-1

[Event "TUN-ch U14 Girls"]
[Site "Monastir"]
[Date "2021.03.16"]
[Round "4"]
[White "Mefteh, Meyssem"]
[Black "Laaribi, Mariem"]
[Result "1/2-1/2"]
[WhiteElo "1188"]
[BlackElo "1234"]
[PlyCount "90"]
[EventDate "2021.03.15"]
[EventType "swiss"]
[EventRounds "9"]
[EventCountry "TUN"]
[SourceTitle "EXT 2022"]
[Source "ChessBase"]
[SourceDate "2021.10.06"]
[SourceVersion "1"]
[SourceVersionDate "2021.10.06"]
[SourceQuality "1"]

1. e4 e5 2. Nf3 Nc6 3. Bc4 Bc5 4. c3 Nf6 5. d4 exd4 6. cxd4 Be7 7. 0-0 d5 8. exd5 Nxd5 9. Re1 0-0 10. Ne5 Nxe5 11. Rxe5 Be6 12. Bxd5 Bxd5 13. Nc3 Bc6 14. d5 Bf6 15. Bg5 Qd6 16. Bxf6 Qxf6 17. Re3 Rad8 18. Qb3 Bd7 19. Qxb7 Qb6 20. Qxb6 cxb6 21. Rd1 b5 22. Re7 Rfe8 23. Rxe8+ Rxe8 24. d6 Kf8 25. f3 b4 26. Ne4 Rd8 27. Nc5 Bc6 28. Kf2 g6 29. Ke3 Bd7 30. Kf2 Bc6 31. Ke3 Kg7 32. Kf4 Kf6 33. h4 h6 34. Ne4+ Ke6 35. g4 Bxe4 36. fxe4 Rxd6 37. Rxd6+ Kxd6 38. e5+ Kd5 39. h5 Ke6 40. Ke4 gxh5 41. gxh5 a6 42. a4 bxa3 43. bxa3 a5 44. a4 f6 45. exf6 Kxf6 1/2-1/2